000 00856nam a22001817a 4500
999 _c64040
_d64040
003 Ge_BSU
005 20260313165501.0
008 260313s1957 ge ||||| |||| 00| 0 geo d
041 _ageo
080 _a330.341.1 : 331.101.6:663.95(479.223) ყ-97
100 _aყურაშვილი, ვ.
_926215
245 _aტექნიკური პროგრესი და შრომის ნაყოფიერება ჩაის მრეწველობაში /
_cვ. ყურაშვილი.
264 _aბათუმი :
_b სახელგამი,
_c1957.
300 _a123 გვ. ;
_b20 სმ.
653 _aტექნიკური პროგრესი.
653 _aშრომის ნაყოფიერება ჩაის მრეწველობაში
942 _2udc
_cᲬᲘᲒᲜᲘ